| 000 | 01585nam a22003857a 4500 | ||
|---|---|---|---|
| 003 | CHAP | ||
| 005 | 20220329143714.0 | ||
| 008 | 110311s2011 mx r 00010 spa d | ||
| 010 | _a100632 | ||
| 011 | _a101604 | ||
| 035 | _a112292 | ||
| 040 | _cCHAP | ||
| 090 | _aTesis | ||
| 100 | 0 | 0 |
_aDurán Ferman, Guadalupe Gabriel. _934674 |
| 245 | 1 | 0 |
_aOrganizaciones sociales y partidos políticos en México : _bacción colectiva de cinco organizaciones regionales de la UNORCA, en la política electoral _h[En línea] _c/por Guadalupe Gabriel Duran Ferman |
| 260 |
_aChapingo, Méx. : _bEl autor, _c2011 |
||
| 500 | _aPara ver el contenido del material haga clic en la liga | ||
| 502 | _aTesis (Ph. D. en Ciencias Agrarias) -- UACH. Departamento de Sociologia Rural | ||
| 590 |
_aALEPH _b10 _c20130110 _lUCH01 _h1539 |
||
| 590 |
_aBATCH-UPD _b10 _c20130110 _lUCH01 _h1305 |
||
| 590 |
_aBATCH-UPD _b10 _c20130410 _lUCH01 _h0821 |
||
| 590 |
_aBATCH-UPD _b10 _c20130914 _lUCH01 _h0830 |
||
| 590 |
_aBATCH-UPD _b10 _c20140324 _lUCH01 _h1523 |
||
| 590 |
_aBATCH-UPD _b10 _c20141002 _lUCH01 _h0848 |
||
| 590 |
_aCONVERSION _b10 _c20130109 _lUCH01 _h1355 |
||
| 650 | 1 | 4 |
_aCampesinado. _917993 |
| 650 | 1 | 4 |
_aColectivismo. _925050 |
| 650 | 1 | 4 |
_aOrganizaciones civiles. _983531 |
| 650 | 1 | 4 |
_aPartidos políticos _xMéxico. _985818 |
| 856 |
_3Finding aid _uhttp://10.13.5.2/tesis/112292.pdf _zTeclea aqui |
||
| 901 | _aBK | ||
| 942 | _cFOLL | ||
| 949 |
_aTesis _bBC _cTES _d33724002239017 _eTS1 _gDonaciØn _h52055 _i112292 _st |
||
| 949 |
_aTesis _bBC _cTES _d33724002239058 _eTS2 _fc.2 _gDonaciØn _h52056 _i112292 _st |
||
| 999 |
_c100632 _d100632 |
||